书目信息 |
| 题名: |
文采与悲怆的交响
|
|
| 作者: | 程郁 , 张和声 著 ;程郁 , 张和声 著 | |
| 分册: | 下 | |
| 出版信息: | 上海 上海锦绣文章出版社 2013.12 |
|
| 页数: | 127页 | |
| 开本: | 24cm | |
| 丛书名: | 话说中国 | |
| 单 册: | ||
| 中图分类: | K245.09 | |
| 科图分类: | ||
| 主题词: | 宋代--历史--通俗读物 | |
| 电子资源: | ||
| ISBN: | 978-7-5452-1271-6 | |
| 000 | 01227oam2 2200349 450 | |
| 001 | 0100140591 | |
| 005 | 20141020221353.0 | |
| 010 | @a978-7-5452-1271-6@dCNY20.00 | |
| 100 | @a20140718d2013 em y0chiy50 ea | |
| 101 | 0 | @achi |
| 101 | 11 | @achi |
| 102 | @aCN@b310000 | |
| 105 | @aa z 000yy | |
| 106 | @ar | |
| 200 | 1 | @a文采与悲怆的交响@Awen cai yu bei chuang de jiao xiang@9wen cai yu bei chuang de jiao xiang@h下@b专著@e960年至1279年的中国故事@f程郁,张和声著@Fcheng yu zhang he sheng zhu |
| 210 | @a上海@c上海锦绣文章出版社@d2013.12 | |
| 215 | @a127页@c图,照片@d24cm | |
| 225 | 2 | @a话说中国 |
| 314 | @a主编:刘修明 | |
| 330 | @a本书讲述了960年至1279年的中国故事,具体内容包括:九死一生康王继统、宋室南迁、宗泽壮志未酬、苗刘兵变、平兵变韩五成名、黄天荡勇抗金军等。 | |
| 461 | 0 | @1001002538872 |
| 517 | 1 | @a960年至1279年的中国故事 |
| 540 | @a文采与悲怆的交响 | |
| 606 | 0 | @a宋代@x历史@j通俗读物 |
| 690 | @aK245.09@v5 | |
| 701 | 0 | @a程郁@Acheng yu@4著 |
| 701 | 1 | @a张和声@Azhang he sheng@4著 |
| 702 | 0 | @a程郁@Acheng yu@9cheng yu@c(女,@f1957~)@4著 |
| 702 | 0 | @a张和声@Azhang he sheng@9zhang he sheng@4著 |
| 801 | @aCN | |
| 901 | @a001 | |
| 905 | @b1103551-3@dK245.09@eC788:2@f3@a241430 | |
| 文采与悲怆的交响.下:960年至1279年的中国故事/程郁,张和声著.-上海:上海锦绣文章出版社,2013.12 |
| 127页:图,照片;24cm.-(话说中国) |
| ISBN 978-7-5452-1271-6:CNY20.00 |
| 本书讲述了960年至1279年的中国故事,具体内容包括:九死一生康王继统、宋室南迁、宗泽壮志未酬、苗刘兵变、平兵变韩五成名、黄天荡勇抗金军等。 |
| ● |
| 相关链接 |
|
|
|
正题名:文采与悲怆的交响
索取号:K245.09/C788:2
 
预约/预借
| 序号 | 登录号 | 条形码 | 馆藏地/架位号 | 状态 | 备注 |
| 1 | 1103551 | 211035510 | 社科库309/309社科库 34排3列4层/ [索取号:K245.09/C788:2] | 在馆 | |
| 2 | 1103552 | 211035529 | 社科库309/309社科库 34排3列4层/ [索取号:K245.09/C788:2] | 在馆 | |
| 3 | 1103553 | 211035538 | 社科库309/309社科库 34排3列4层/ [索取号:K245.09/C788:2] | 在馆 |